| 000 | 00676nam a2200217 a 4500 | ||
|---|---|---|---|
| 001 | 000012856 | ||
| 005 | 20240530073915.0 | ||
| 008 | 091118s2001 dr r 000 f spa d | ||
| 020 | _a9993433292 | ||
| 040 |
_aDO-SdBNP _bspa _cBNPHU |
||
| 082 |
_aRD863.44 _bP349r |
||
| 100 | 1 |
_aPeña, Ruth, _d1955- _929736 |
|
| 245 | 1 | 0 |
_aRufina del Valle / _cRuth Peña. |
| 260 |
_aSanto Domingo : _bCuguapa, _c2001. |
||
| 300 |
_a187 p. ; _c21 cm. |
||
| 500 | _aIncluye datos biográficos del autor en la contracubierta | ||
| 590 | _aInventariado, 2020/BT | ||
| 650 | 0 |
_aNovela dominicana _9223 |
|
| 650 | 0 |
_aLiteratura dominicana. _967 |
|
| 910 | _aValidado. Control de calidad. MMOLINA | ||
| 999 |
_c12504 _d12504 |
||